Serie A Coach of the Month - 2022-2023 - Statistics

Statistiche generali
  • Questo quiz è stato fatto 60 volte
  • Il punteggio medio è 8 su 9
Statistiche sulle risposte
Mese Nazione Squadra Allenatore % Corretto
Ottobre Italia Napoli Luciano Spalletti
100%
Gennaio Italia Napoli Luciano Spalletti
100%
Novembre Italia Juventus Massimiliano Allegri
98%
Marzo Italia Lazio Maurizio Sarri
98%
Agosto Portogallo Roma José Mourinho
97%
Maggio Italia Fiorentina Vincenzo Italiano
97%
Febbraio Italia Bologna Thiago Motta
93%
Aprile Italia Monza Raffaele Palladino
84%
Settembre Italia Udinese Andrea Sottil
55%
Nessun quiz corrispondente trovato
Distribuzione punteggi
Percentuale di utenti per punteggio
Percentile per numero di risposta
I tuoi punteggi nel tempo
Non hai fatto questo quiz